Redes y comunicación de datos en los negocios.

Bibliographic Details
Main Authors: Fitzgerald, Jerry, Dennis, Alan.
Format: Section = Libro
Language:Undetermined
Spanish
Published: México Lexus Editores 2003
Edition:3a.ed
Subjects:
LEADER 00656nam a2200241Ia 4500
008 240830s9999 xx 000 0 und d
020 |a 968-18-6351-8 
040 |a B-ESTELÍ- RUACS / 004.65 F553 
041 |a spa 
082 |a 004.65 F553  
100 1 |a Fitzgerald, Jerry 
100 1 |b  Dennis, Alan. 
245 1 0 |a Redes y comunicación de datos en los negocios. 
250 |a 3a.ed 
260 |a México  |b Lexus Editores  |c 2003 
300 |a 516 p. :il. 
650 7 |a REDES DE COMUNICACIONES 
650 7 |b  FUNDAMENTOS DE REDES 
650 7 |c  TECNOLOGIA DE REDES 
650 7 |d ADMINISTRACION DE REDES 
942 |c BK  |2 ddc 
991 |a TEXTO 
999 |c 10538